000 00288nam a22001217a 4500
008 101122s2011 nyua e b 001 0 eng
020 _a9780071762755
020 _a0071762752
041 0 _aeng
080 _a17.01
_x(075.8)
245 1 0 _aEthics demystified /
_cMicah Newman.
942 _2udc
_cBK
999 _c403
_d403